00321nam a2200121Ia 4500008004100000020001500041041001200056100001400068245005600082260004200138300000800180650001100188221030s9999 xx 000 0 und d a9350144268 aEnglish aS. Sharma 0aMicroelectronics ( Analog & Digital )cby S. Sharma bS. K. Kataria & SonsaNew Delhic2013 a719 aBB ECE